| 000 | 00589nam a2200169Ia 4500 | ||
|---|---|---|---|
| 003 | GCL | ||
| 008 | 140319s9999 xx 000 0 ara d | ||
| 040 |
_aGCL / _cGCL |
||
| 082 | 0 | 4 |
_a895.1 _bم ل |
| 100 | 1 | _aمعهد الاداب فى اكاديمية العلوم | |
| 245 | 1 | 0 |
_aلا تخافوا الاشباح مجموعة قصص (هدية من الاديب عبدالفتاح الجمل) / _cمعهد الاداب فى اكاديمية العلوم |
| 300 | _a120 ص | ||
| 490 | _a | ||
| 650 | 0 | 4 | _aالادب الصينى |
| 650 | 0 | 4 | _aالقصص الصينية |
| 942 |
_2ddc _cBK |
||
| 999 |
_c38121 _d38121 |
||